1496 1748 1634 1042 1585 1914 1656 1402 1142 1371 1872 1866 1394 1555 1752 1979 1483 1798 1305 1083 1111 1184 1164 1001 1197 1639 1555 1327 1865 1817 1996 1864 1521 1595 1502 1717 1675 1380 1488 1145 1755 1755 1288 1257 1965 1770 1870 1439 1294 1217 1712 1409 1836 1225 1171 1010 1155 1235 1848 1597 1567 1774 2000 1828 1247 1091 1980 1345 1290 1139 1942 1388 1915 1541 1117 1576 1505 1121 1563 1799 1994 1768 1390 1789 1684 1142 1077 1722 1154 1755 1400 1956 1681 1409 1025 1053 1098 1992 1935 BCNSPRNW ULIB Ver.6.0+V

เปลี่ยนเป็นภาษาไทย

Change to English
 แสดงรายละเอียดบรรณานุกรม
  กลับหน้าหลัก

Brief Record : Get Marc (ISO 2709) : E-mail record : QR code < ปิดหน้าต่าง
LEADER : 00000nam 2200000uu 4500
001    13399110879
003     ULIB
008    110613s2551||||th 000 0 tha d
020    9749410270
020    9789749410271
050  4 AC158^bJ111ส 2551
100    ^aบอลคิน, จอน
245    สุดยอดอัจฉริยะ 100 นักวิทยาศาสตร์ผู้เปลี่ยนแปลงโลก / ^cผู้เขียน Jon Balchin ; ผู้แปล จารนัย พาณิชยกุล
250    พิมพ์ครั้งที่ 1
260    กรุงเทพฯ : ^bปาเจรา, ^c2551
300    207 หน้า : ^bภาพประกอบ ; ^c28 ซม.
592    Buddhist era q2/49
650    นักวิทยาศาสตร์
700    จารนัย พาณิชยกุล, ^eผู้แปล
945    ^p395^l0^i024531
945    ^p395^l0^i024529
945    ^p395^l0^i024530
995    ทศพร
999 ^a ใช้งานได้ทุกระบบ
รายการนี้ยังไม่มีแท็ก
คุณยังไม่ได้ล็อกอิน คุณสามารถมีกิจกรรมร่วมกับเว็บไซต์ได้ แต่ต้องล็อกอินก่อน ::
  ล็อกอิน

รายการสื่อสารสนเทศ

ลำดับที่ ประเภท เลขเรียก/บาร์โค้ด สถานที่ สถานะ
- ไม่พบข้อมูล -

รายการใกล้เคียง
    ผู้แต่ง [บอลคิน, จอน]

    หัวเรื่อง [นักวิทยาศาสตร์]

BibComment


ยังไม่เคยถูกคอมเมนท์

คอมเมนท์ทรัพยากรรายการนี้
  คอมเมนท์: สุดยอดอัจฉริยะ 10..


 Copyright 2026. Bcnsprnw @Library